Value proposition design

Wedi'i Gadw mewn:
Manylion Llyfryddiaeth
Prif Awdur: Osterwalder, Alexander
Fformat: Llyfr
Cyhoeddwyd: Wiley
Tagiau: Ychwanegu Tag
Dim Tagiau, Byddwch y cyntaf i dagio'r cofnod hwn!

MARC

LEADER 00000nam a2200000Ia 4500
005 20260515061614.0
100 |a Osterwalder, Alexander, 
020 |a 9781118968055 
942 |c BK 
245 |a Value proposition design  
260 |b Wiley 
999 |c 14  |d 14 
952 |0 0  |1 0  |4 0  |7 0  |a ABDN  |b ABDN  |d 2026-05-15  |l 0  |p 000033  |r 2026-05-15 06:16:14  |w 2026-05-15  |y BK